书目信息 |
| 题名: |
毛泽东评点古今诗书文章
|
|
| 作者: | 柳文郁 , 唐夫 主编 | |
| 分册: | 下 | |
| 出版信息: | 北京 红旗出版社 1998.09 |
|
| 页数: | 892-1356页 | |
| 开本: | 21cm | |
| 丛书名: | ||
| 单 册: | ||
| 中图分类: | A841.6 | |
| 科图分类: | ||
| 主题词: | 毛泽东著作研究--专题汇编 | |
| 电子资源: | ||
| ISBN: | 7-5051-0242-7 | |
| 000 | 00640nam0 2200205 45 | |
| 001 | 0404240979 | |
| 005 | 20050317171829.3 | |
| 010 | @a7-5051-0242-7@dCNY75.00 | |
| 100 | @a20040424d1998 km y0chiy0120 ea | |
| 101 | 0 | @achi |
| 105 | @a z 000yy | |
| 200 | 1 | @a毛泽东评点古今诗书文章@AMao Ze Dong Ping Dian Gu Jin Shi Shu Wen Zhang@h下@f柳文郁,唐夫主编@FLiu Wen Yu,Tang Fu Zhu Bian |
| 210 | @a北京@c红旗出版社@d1998.09 | |
| 215 | @a892-1356页@c照片@d21cm | |
| 606 | 0 | @a毛泽东著作研究@x专题汇编 |
| 690 | @aA841.6@v3 | |
| 701 | 0 | @a柳文郁@4主编 |
| 701 | 0 | @a唐夫@4主编 |
| 801 | @aCN@bPftUser@c20040424 | |
| 905 | @dA841.6@e42:3@f1@b283122 | |
| 毛泽东评点古今诗书文章.下/柳文郁,唐夫主编.-北京:红旗出版社,1998.09 |
| 892-1356页:照片;21cm |
| ISBN 7-5051-0242-7:CNY75.00 |
| ● |
| 相关链接 |
|
|
|
|
正题名:毛泽东评点古今诗书文章
索取号:A841.6/42:3
 
预约/预借
| 序号 | 登录号 | 条形码 | 馆藏地/架位号 | 状态 | 备注 |
| 1 | 0283122 | 002831225 | 第一样本阅览室/ [索取号:A841.6/42:3] | 在馆 |